Blowing in the wind (Record no. 79352)

MARC details
000 -LEADER
fixed length control field 01331cab a22002535a 4500
001 - CONTROL NUMBER
control field L140812
008 - FIXED-LENGTH DATA ELEMENTS--GENERAL INFORMATION
fixed length control field 071012s2007 xxk 000 0 eng d
035 ## - SYSTEM CONTROL NUMBER
System control number (Sirsi) u140812
041 0# - LANGUAGE CODE
Language code of text/sound track or separate title eng
100 1# - MAIN ENTRY--PERSONAL NAME
Personal name Chamberlain, Oliver
245 00 - TITLE STATEMENT
Title Blowing in the wind
Remainder of title the attraction of wind farm developments
260 ## - PUBLICATION, DISTRIBUTION, ETC.
Date of publication, distribution, etc. 2007
490 ## - SERIES STATEMENT
Series statement Lovells Real Estate Quarterly
Volume/sequential designation September 2007, 2-5(4)
520 ## - SUMMARY, ETC.
Summary, etc. Reviews environmental and commercial considerations affecting wind farm developments. Wind farms are becoming more popular as UK electricity suppliers are required to make increasing use of renewable sources. Covers potential problems such as visual impact, noise pollution, electromagnetic interference and the impact on wildlife. Considers the requirements for planning permission and other documentation issues surrounding their construction. Describes planning permission, leasehold and other development issues.
590 ## - LOCAL NOTE (RLIN)
Local note KA
650 24 - SUBJECT ADDED ENTRY--TOPICAL TERM
Topical term or geographic name entry element ELECTRICITY ACT 1989 S36
650 24 - SUBJECT ADDED ENTRY--TOPICAL TERM
Topical term or geographic name entry element TOWN AND COUNTRY PLANNING (ENVIRONMENTAL IMPACT ASSESSMENT) REGULATIONS 1999
651 #4 - SUBJECT ADDED ENTRY--GEOGRAPHIC NAME
Geographic name United Kingdom
Chronological subdivision
690 ## - LOCAL SUBJECT ADDED ENTRY--TOPICAL TERM (OCLC, RLIN)
Topical term or geographic name as entry element ENVIRONMENTAL AND LAND CONSULTANCY-ENERGY-RENEWABLE ENERGY
690 ## - LOCAL SUBJECT ADDED ENTRY--TOPICAL TERM (OCLC, RLIN)
Topical term or geographic name as entry element PROPERTY-INFRASTRUCTURE-INFRASTRUCTURE DEVELOPMENT
700 1# - ADDED ENTRY--PERSONAL NAME
Personal name Roberts, Nicholas
700 1# - ADDED ENTRY--PERSONAL NAME
Personal name DuCroz, Victoria
942 ## - ADDED ENTRY ELEMENTS (KOHA)
Suppress in OPAC 0
Holdings
Withdrawn status Lost status Source of classification or shelving scheme Damaged status Not for loan Home library Current library Shelving location Date acquired Total Checkouts Full call number Barcode Date last seen Copy number Price effective from Koha item type
    Dewey Decimal Classification     London London Journal article 12/10/2007   L140812 140812-1001 06/08/2019 1 06/08/2019 Journal article